Compendio de historia de América.

Gespeichert in:
Bibliographische Detailangaben
1. Verfasser: Serrano y Sanz, Manuel
Format: Buch
Sprache:Spanisch
Erschienen: Barcelona Herederos de Juan Gili Ed. 1919
Ausgabe:2a. ed.
Katalog:MANES:  Suchergebnis im Bibliothekskatalog
Schulbuchspezifische Eigenschaften:
Tags: Tag hinzufügen
Keine Tags, Fügen Sie den ersten Tag hinzu!
Hinzugefügt zu:09.04.2018
Geändert in:20.05.2026

MARC

LEADER 00000nam a2200000 4500
005 20260520171807.0
008 180410b xxu||||| |||| 00| 0 spa d
040 |a centro_manes  |c universidad_colima 
100 |9 21283  |a Serrano y Sanz, Manuel 
245 |a Compendio de historia de América. 
250 |a 2a. ed.  
260 |a Barcelona  |b Herederos de Juan Gili Ed.  |c 1919 
300 |c 18 cm 
440 |v 2 v. 
500 |a Aparece: Francisco Ziga, "Bibliografía Pedagógica. Libros de texto para enseñanza primaria:1850-1970 V. Libros de Historia" en Boletín del Instituto de Investigaciones Bibliográficas 1981-1982, Biblioteca Nacional, Hemeroteca Nacional, Universidad Nacional Autónoma de México, Nos. 18 - 19,p. 112.  |a ils. (Manuales enciclopédicos Gili) 
546 |a México 
690 0 |a HI 
691 0 |a PRI 
942 |2 ddc  |c BK 
999 |c 50421  |d 50421 
999 |c manes:50421  |d 50421